Contes cruels

Guardat en:
Dades bibliogràfiques
Autor principal: Isle-Adam, Villiers de l`
Format: Llibre
Idioma:Undetermined
Publicat: Francia Gallimard 2000
Matèries:
Etiquetes: Afegir etiqueta
Sense etiquetes, Sigues el primer a etiquetar aquest registre!

MARC

LEADER 00000nam a2200000Ia 4500
008 170316s9999 xx 000 0 und d
040 |a cru BVZT 
090 |a 840 L-13i 
100 |a Isle-Adam, Villiers de l` 
245 |a Contes cruels 
260 |a Francia 
260 |b Gallimard 
260 |c 2000 
300 |a 414 páginas 
650 |a LITERATURA FRANCESA 
999 |c 7760  |d 7760 
942 |c 15 D  |h 840 L-13i  |2 z